000
00304nam a22000977a 4500
008
150623b xxu||||| |||| 00| 0 eng d
010
_8
HCCRSARF:008
245
_a
HIGH COURT CRIMINAL SESSION NO.672 OF 1970 Uganda Vs Yowana Lubega
260
_a
High Court Kampala
500
_3
BEFORE: Hon. Mr. Justice S. Musoke
999
_c
6619
_d
6619